Fertilizer engrais fertiligantes . (Record no. 691028)
[ view plain ]
| 000 -LEADER | |
|---|---|
| fixed length control field | 00828nam a2200241Ia 4500 |
| 003 - CONTROL NUMBER IDENTIFIER | |
| control field | OSt |
| 005 - DATE AND TIME OF LATEST TRANSACTION | |
| control field | 20220927105157.0 |
| 008 - FIXED-LENGTH DATA ELEMENTS--GENERAL INFORMATION | |
| fixed length control field | 220926b |||||||| |||| 00| 0 eng d |
| 037 ## - SOURCE OF ACQUISITION | |
| Terms of availability | Reference Collections |
| 040 ## - CATALOGING SOURCE | |
| Original cataloging agency | RTL |
| Transcribing agency | RTL |
| Language of cataloging | eng |
| 041 ## - LANGUAGE CODE | |
| Source of code | eng |
| Language code of text/sound track or separate title | eng |
| 110 ## - MAIN ENTRY--CORPORATE NAME | |
| Corporate name or jurisdiction name as entry element | "UNITES STATES , FOOD AND AGRICULTURE ORGANIZATION" |
| 9 (RLIN) | 370698 |
| 245 #0 - TITLE STATEMENT | |
| Title | Fertilizer engrais fertiligantes . |
| 260 ## - PUBLICATION, DISTRIBUTION, ETC. | |
| Place of publication, distribution, etc. | Rome |
| Name of publisher, distributor, etc. | Food and agriculture organization . |
| Date of publication, distribution, etc. | 1988 |
| 300 ## - PHYSICAL DESCRIPTION | |
| Extent | "xxxi , 121" |
| Dimensions | cm. |
| 700 ## - ADDED ENTRY--PERSONAL NAME | |
| Personal name | "UNITES STATES , FOOD AND AGRICULTURE ORGANIZATION" |
| 9 (RLIN) | 370699 |
| 942 ## - ADDED ENTRY ELEMENTS (KOHA) | |
| Classification part | "X 9 (J) : 24 . 1N45 . N88, M8 .38" |
| Koha item type | |
| Withdrawn status | Lost status | Damaged status | Not for loan | Home library | Current library | Date acquired | Total Checkouts | Full call number | Barcode | Date last seen | Price effective from | Koha item type |
|---|---|---|---|---|---|---|---|---|---|---|---|---|
| Ratan Tata Library | Ratan Tata Library | 2022-09-27 | "X 9 (J) : 24 . 1N45 . N88 M8 .38" | RT1083627 | 2022-09-27 | 2022-09-27 |
